Philosophie de Don Quichotte-le Reel N’a Pas Lieu (notice n° 1506666)
[ vue normale ]
| 000 -LEADER | |
|---|---|
| fixed length control field | 00486cam a2200157 4500500 |
| 005 - DATE AND TIME OF LATEST TRANSACTION | |
| control field | 20250921003616.0 |
| 041 ## - LANGUAGE CODE | |
| Language code of text/sound track or separate title | fre |
| 042 ## - AUTHENTICATION CODE | |
| Authentication code | dc |
| 245 00 - TITLE STATEMENT | |
| Title | Philosophie de Don Quichotte-le Reel N’a Pas Lieu |
| 260 ## - PUBLICATION, DISTRIBUTION, ETC. | |
| Date of publication, distribution, etc. | 2014.<br/> |
| 500 ## - GENERAL NOTE | |
| General note | 5 |
| 690 ## - LOCAL SUBJECT ADDED ENTRY--TOPICAL TERM (OCLC, RLIN) | |
| Topical term or geographic name as entry element | Don Quichotte |
| 690 ## - LOCAL SUBJECT ADDED ENTRY--TOPICAL TERM (OCLC, RLIN) | |
| Topical term or geographic name as entry element | Michel Onfray |
| 786 0# - DATA SOURCE ENTRY | |
| Note | Philosophie Magazine | 81 | 7 | 2014-07-01 | p. 71-71 |
| 856 41 - ELECTRONIC LOCATION AND ACCESS | |
| Uniform Resource Identifier | <a href="https://shs.cairn.info/magazine-philosophie-magazine-2014-7-page-71?lang=fr&redirect-ssocas=7080">https://shs.cairn.info/magazine-philosophie-magazine-2014-7-page-71?lang=fr&redirect-ssocas=7080</a> |
Pas d'exemplaire disponible.




Réseaux sociaux